相互接壤的人口密度低的地级行政区 - Statistics

General Stats
  • This quiz has been taken 29 times
  • The average score is 37 of 38
Answer Stats
省级行政区 地级行政区 % Correct
四川省 阿坝藏族羌族自治州
100%
新疆维吾尔自治区 阿克苏地区
100%
内蒙古自治区 阿拉善盟
100%
新疆维吾尔自治区 阿勒泰地区
100%
西藏自治区 阿里地区
100%
黑龙江省 大兴安岭地区
100%
四川省 甘孜藏族自治州
100%
青海省 果洛藏族自治州
100%
新疆维吾尔自治区 哈密市
100%
青海省 海北藏族自治州
100%
青海省 海南藏族自治州
100%
青海省 海西蒙古族藏族自治州
100%
新疆维吾尔自治区 和田地区
100%
内蒙古自治区 呼伦贝尔市
100%
甘肃省 酒泉市
100%
西藏自治区 拉萨市
100%
西藏自治区 林芝市
100%
西藏自治区 那曲市
100%
西藏自治区 日喀则市
100%
西藏自治区 山南市
100%
新疆维吾尔自治区 吐鲁番市
100%
青海省 玉树藏族自治州
100%
内蒙古自治区 巴彦淖尔市
95%
新疆维吾尔自治区 巴音郭楞蒙古自治州
95%
西藏自治区 昌都市
95%
新疆维吾尔自治区 昌吉回族自治州
95%
黑龙江省 黑河市
95%
青海省 黄南藏族自治州
95%
新疆维吾尔自治区 塔城地区
95%
内蒙古自治区 鄂尔多斯市
89%
甘肃省 甘南藏族自治州
89%
甘肃省 武威市
89%
内蒙古自治区 锡林郭勒盟
89%
内蒙古自治区 兴安盟
89%
甘肃省 张掖市
89%
云南省 迪庆藏族自治州
84%
甘肃省 金昌市
84%
云南省 怒江傈僳族自治州
84%
No matching quizzes found
Score Distribution
Percent of People with Each Score
Percentile by Number Answered
Your Score History
You have not taken this quiz